000
00325nam a2200121Ia 4500
008
220204s9999 xx 000 0 und d
082
_a
630*81
_b
SJO
100
_a
Sjostrom, E E R O
245
0
_a
Wood chemistry: Fundamentals and applications
260
_a
Orlando
_b
Academic
_c
1981
650
_a
Wood biosynthesis
942
_c
BK
999
_c
39986
_d
39986